| 000 | 01291nam a2200265 a 4500 | ||
|---|---|---|---|
| 003 | DO-SdBNP | ||
| 005 | 20220915090607.0 | ||
| 007 | ta | ||
| 008 | 220913e1989 dr ||||gr|||| 00| 0 spa d | ||
| 040 |
_aDO-SdBNP _bspa _cBNPHU |
||
| 082 | 4 |
_222 _bF356l |
|
| 111 | 2 |
_aFeria del Libro y la Cultura Juan de Jesús Reyes _n(1ra. _d1989 : 9 al 17 de septiembre _cMao, Valverde) _982355 |
|
| 240 | 1 | 0 | _aFiestas patronales de Santa Cruz |
| 245 | 1 | 0 |
_aFeria del libro y la cultura Juan de Jesús Reyes: _bprograma |
| 260 |
_aValverde Mao, República Dominicana : _bComisión Organizadora Permanente de la Feria Nacional del libro, _c1989 |
||
| 300 |
_a[10] p. ; _c21 cm. |
||
| 500 | _aIncluye dibujo de Juan de Jesús Reyes en la portada. | ||
| 590 | _aInventariado 2022 / MF | ||
| 611 |
_aFeria del Libro y la Cultura Juan de Jesús Reyes _d(1989 : _cMao, Valverde, República Dominicana). _xProgramas _982356 |
||
| 710 | 1 |
_953438 _aComisión Organizadora Permanente de la Feria Nacional del Libro (República Dominicana). |
|
| 710 | 1 |
_955772 _bAsociación para el Desarrollo de la Provincia Valverde Mao (República Dominicana). |
|
| 710 |
_980854 _aComisión Organizadora Permanente de la Feria Libro y la Cultura, Mao, Valverde (República Dominicana). |
||
| 910 | _aMfeliz | ||
| 942 |
_2ddc _cLF2 |
||
| 999 |
_c52382 _d52382 |
||